LEADER 00855nam0 2200265 450 001 000020549 005 20090212121314.0 010 $a0125267509 100 $a20081212d1966----km-y0itay50------ba 101 0 $aeng 102 $aUS 105 $aa-------001yy 200 1 $aElementary differential geometry$fBarret O'Neill 210 $aNew York [etc.]$cAcademic press$dc1966 215 $aVIII, 411 p.$cill.$d24 cm 500 10$aElementary differential geometry$947525 610 1 $aGeometria differenziale 676 $a516.36$v21$9Geometria differenziale e integrale 700 1$aO' Neill,$bBarrett$0632619 801 0$aIT$bUNIPARTHENOPE$c20081212$gRICA$2UNIMARC 912 $a000020549 951 $aG 516.36 /1$bG 590$cDSA$d2008 951 $aS 516/17$bS A, 1220$cDSA$d2009 996 $aElementary differential geometry$947525 997 $aUNIPARTHENOPE LEADER 00797nam0 2200253 450 001 000022938 005 20090213103258.0 010 $a0412245906 100 $a20090213d1984----km-y0itay50------ba 101 0 $aeng 102 $aGB 105 $ay-------001yy 200 1 $aElements of simulation$fByron J.T. Morgan 210 $aLondon$cChapman and Hall$d1984 215 $axiii, 351 p.$d24 cm 500 10$aElements of simulation$945803 610 1 $aSimulazione $aApplicazioni alla statistica 676 $a519$v21$9Probabilità e matematica applicata 700 1$aMorgan,$bByron J. T.$0102104 801 0$aIT$bUNIPARTHENOPE$c200900211$gRICA$2UNIMARC 912 $a000022938 951 $aS 519/32$bS C, 294$cDSA$d2009 996 $aElements of simulation$945803 997 $aUNIPARTHENOPE